| 000 | 00480nam a2200157 a 4500 | ||
|---|---|---|---|
| 001 | 4297 | ||
| 003 | CDMR | ||
| 005 | 20131024130742.0 | ||
| 008 | 130130s1981||||||||||||||||||||||||||||d | ||
| 040 |
_aCDMR _bcat _cCDMR |
||
| 245 | 0 |
_aDe las ondas rojas a las radios libres _b: textos para la historia de la radio _cpor Lluís M. Bassets i Sánchez (eds.) |
|
| 260 |
_aBarcelona _c1981 _bGustavo Gili |
||
| 650 | 0 | 4 |
_94182 _aRàdio lliure |
| 700 | 1 |
_9164 _aBassets, Lluís |
|
| 942 |
_cMON _2udc |
||
| 999 |
_c4297 _d4297 |
||